00708nam a2200229 450000500170000000800050001702000230002204000130004504100060005808200300006410000350009424500860012925000080021526000560022330000360027952100220031565000130033770000240035094200530037494200320042799900190045920240827172648.0eng  a9780798141420qhbk aRDAcRDA 2E 24tha658.110968b23 Dewey aArthur G. Claeked19999188402 acreate your own businessbCreate your own businesscArthur G. Claeke, Tony Grogan a4th aJohannesburg, south africabHuman & Rousseauc1999 a144 Pagesbillustrationsc26 cm aAdult Non-Fiction 2Business aTony Grogan9136024 xDumsane Maphangelaw493y493zDumsane Maphangela 2ddccBOOKk658.110968mCLAR c766799d766798